| 000 | 00497nam a2200169 a 4500 | ||
|---|---|---|---|
| 005 | 20140412111312.0 | ||
| 008 | 010323s19uu xx 00 eng d | ||
| 020 | _a0-7239-0089-2 | ||
| 050 |
_aM 808.3 _bW874 1995 |
||
| 100 | _aWood, Jenny | ||
| 245 |
_aMy Big bear book / _cwords by Jenny Wood ; illustrations by Rebecca Archer. |
||
| 260 |
_aEngland : _bOyster Books Ltd, _c1995. |
||
| 300 | _a1 v. (unp.) ; ill. | ||
| 650 | _aBears - Stories | ||
| 650 | _aChildren stories | ||
| 999 |
_c104077 _d104077 |
||